Statistics for Countries Closest to Mali

Click here to take the quiz!

General Stats

  • This quiz has been taken 36 times
  • The average score is 18 of 20

Answer Stats

km country miles % Correct
363Morocco226
100%
0Algeria0
97%
0Senegal0
97%
393Togo244
97%
214Nigeria133
97%
1018Chad633
97%
0Niger0
97%
208Guinea-Bissau129
94%
0Mauritania0
94%
0Burkina Faso0
94%
326Benin202
94%
0Guinea0
94%
0Côte d'Ivoire0
94%
867Libya539
94%
226Ghana141
91%
189Gambia118
89%
281Liberia175
89%
223Sierra Leone138
89%
238Western Sahara148
57%
816Spain507
57%

Score Distribution

Percentile by Number Answered

Percent of People with Each Score

Your Score History

You have not taken this quiz